000
00315nam a22001457a 4500
003
SGT
020
_a
9780195687859
082
_a
934,SHA
100
_a
SHARMA,R.S.
245
_a
INDIA'S ANCIENT PAST
260
_a
NEW DELHI
_b
OXFORD
_c
2017
300
_a
387
650
_a
INDIA'S ANCIENT PAST
942
_2
ddc
_c
BK
_0
25
999
_c
11583
_d
11583